| 000 | 01188cam a2200313 a 4500 | ||
|---|---|---|---|
| 001 | 1672776 | ||
| 003 | OSt | ||
| 005 | 20231122112001.0 | ||
| 008 | 981001s1999 nyua b 001 0 eng | ||
| 010 | _a 98047144 | ||
| 020 | _a0471023094 (cloth : acidfree paper) | ||
| 020 | _a9789354643576 | ||
| 035 | _a(DLC) 98047144 | ||
| 040 |
_aDLC _cDLC _dDLC |
||
| 050 | 0 | 0 |
_aSB123 _b.A5 1999 |
| 082 | 0 | 0 |
_a631.52 _bALL/P |
| 100 | 1 |
_aAllard, R. W. _q(Robert Wayne), _d1919-2003. |
|
| 245 | 1 | 0 |
_aPrinciples of plant breeding / _cRobert W. Allard. |
| 250 | _a2nd ed. | ||
| 260 |
_aNew York : _bJ. Wiley, _cc1999. |
||
| 300 |
_aix, 254 p. : _bill. ; _c25 cm. |
||
| 504 | _aIncludes bibliographical references (p. 241-246) and index. | ||
| 650 | 0 | _aPlant breeding. | |
| 856 | 4 | 2 |
_3Publisher description _uhttp://www.loc.gov/catdir/description/wiley035/98047144.html |
| 856 | 4 |
_3Table of Contents _uhttp://www.loc.gov/catdir/toc/onix06/98047144.html |
|
| 906 |
_a7 _bcbc _corignew _d1 _eocip _f19 _gy-gencatlg |
||
| 942 |
_2ddc _cBK _h631.52 _iALL/P _k631.52 _mALL/P |
||
| 999 |
_c43651 _d43651 |
||